Gençlik Kolları üye çizelgeleri (Record no. 8776)
[ view plain ]
| 000 -BAŞLIK | |
|---|---|
| Sabit Uzunlukta Kontrol Alanı | 00653na a2200205 4500 |
| 001 - KONTROL NUMARASI | |
| Denetim Alanı | 22757 |
| 003 - KONTROL NUMARASI IDENTIFIER | |
| Denetim Alanı | MIRAKIL |
| 005 - SON İŞLEM TARİHİ VE ZAMANI | |
| Denetim Alanı | 20181213155224.0 |
| 008 - SABİT-BOY VERİ ELEMANLARI - GENEL BİLGİLER | |
| Sabit Uzunlukta Kontrol Alanı | 170224b tu 000 0 |
| 040 ## - KATALOGLAMA KAYNAK | |
| Orijinal Kataloglama Ajansı | Milas |
| Kataloglama Dili | tur |
| Metne Dönüştürmek Ajansı | TR-AnCHP |
| 041 ## - DİL KODU | |
| Metin / Ses Parça Veya Ayrı Başlığın Dil Kodu | tur |
| 090 ## - SINIFLAMA NUMARASI | |
| Sınıflama Numarası | GENÇLİK KOLLARI ÜYE ÇİZELGESİ |
| 245 ## - BAŞLIK TABLOSU | |
| Başlık | Gençlik Kolları üye çizelgeleri |
| Başlığın Kalan | 12 Kasım 2015 |
| 500 ## - GENEL NOT | |
| Genel Not | Özel saklama ortamı gerektirir |
| 500 ## - GENEL NOT | |
| Genel Not | CHP Gençlik Kollarının il ve ilçe üye çizelgeleri |
| 610 ## - KONU KATMA GİRİŞ - TOPLANTI ADI | |
| Giriş Elemanı Olarak Kurumsal Ad Veya Yargı Alanı Adı | CHP |
| Genel Alt Bölüm | Seçimler, 2015 |
| Kronolojik Alt Bölüm | Listeler |
| 610 ## - KONU KATMA GİRİŞ - TOPLANTI ADI | |
| Giriş Elemanı Olarak Kurumsal Ad Veya Yargı Alanı Adı | CHP |
| Alt Birim | Gençlik Kolları |
| Genel Alt Bölüm | Üyeler |
| Kronolojik Alt Bölüm | Listeler |
| 942 ## - EKLENDİ GİRİŞ ELEMANLARI (KOHA) | |
| Sınıflandırma Veya Raf Düzeni Kaynak | Dewey Decimal Classification |
| Koha Öğesi Türü | Books |
| 999 ## - SİSTEM KONTROL NUMARALARI (KOHA) | |
| Koha Biblionumber | 8776 |
| Koha Biblioitemnumber | 8776 |
| Kalıcı Konum | Mevcut Konum | Edinme Tarihi | Edinim Kaynak | Toplam Check-Out'Lar | Tam Çağrı Numarası | Barkod | Tarih Son Görülme | İtibaren Geçerli Fiyatlar | Koha Öğesi Türü |
|---|---|---|---|---|---|---|---|---|---|
| CHP Kütüphanesi | CHP Kütüphanesi | 02/24/2017 | Bağış | GENÇLİK KOLLARI ÜYE ÇİZELGESİ | 016409 | 02/24/2017 | 02/24/2017 | Books |
